[Event "MARIENBAD OPEN 2019 - D - Open Seniors"]
[Site "Polonia hotel, Marianske Lazne"]
[Date "2019.01.24"]
[Round "7"]
[White "Schatz, Christian"]
[Black "Kucera, Jiri"]
[Result "1-0"]
[WhiteElo "2159"]
[BlackElo "1939"]
[PlyCount "116"]
[EventDate "2019.01.19"]

1. Nf3 Nf6 2. d4 e6 3. g3 b6 4. Bg2 Bb7 5. O-O c5 6. c4 d6 7. Nc3 Be7 8. d5
exd5 9. Nh4 Qc8 10. cxd5 O-O 11. e4 Nbd7 12. Nf5 Re8 13. Nb5 Qb8 14. Bf4 Ne5
15. Bxe5 dxe5 16. Re1 a6 17. d6 axb5 18. Nxe7+ Kf8 19. Qd2 h6 20. Nf5 Kg8 21.
b3 Qd8 22. Rad1 Qd7 23. h3 Kh7 24. g4 g5 25. f3 Bc6 26. h4 Rg8 27. Re2 Rg6 28.
hxg5 Rxg5 29. Bh3 Rag8 30. Kf2 b4 31. Rh1 h5 32. Ke1 Rxf5 33. gxf5 Rg3 34. Rg2
Rxg2 35. Bxg2 Qd8 36. Bf1 Qg8 37. Rh2 Qg3+ 38. Qf2 Qf4 39. Qh4 Qc1+ 40. Kf2
Qd2+ 41. Kg1 Qe3+ 42. Qf2 Qxf2+ 43. Rxf2 Kg7 44. Rd2 Nd7 45. Kf2 Kf6 46. Ke3
Kg7 47. Rg2+ Kf8 48. a3 bxa3 49. Ra2 Ke8 50. Rxa3 Kd8 51. Ra7 f6 52. Rc7 Nb8
53. Bc4 Be8 54. Be6 Nd7 55. Kf2 b5 56. Kg3 h4+ 57. Kxh4 c4 58. bxc4 b4 1-0

[Event "MARIENBAD OPEN 2019 - D - Open Seniors"]
[Site "Polonia hotel, Marianske Lazne"]
[Date "2019.01.24"]
[Round "7"]
[White "Paldus, Petr"]
[Black "Briza, Jiri"]
[Result "1-0"]
[WhiteElo "2037"]
[BlackElo "1944"]
[PlyCount "93"]
[EventDate "2019.01.19"]

1. e4 e5 2. Nf3 Nc6 3. Bb5 Nf6 4. Nc3 Bb4 5. O-O Bxc3 6. dxc3 d6 7. Re1 Bg4 8.
h3 Bh5 9. a4 Qd7 10. a5 a6 11. Bd3 h6 12. b4 O-O 13. Kh2 Ne7 14. g4 Nxg4+ 15.
hxg4 Qxg4 16. Re3 f5 17. Bc4+ Kh8 18. Qg1 fxe4 19. Qxg4 Bxg4 20. Nxe5 dxe5 21.
Rxe4 h5 22. Be3 Ng6 23. Bd3 Nh4 24. Rh1 Rf3 25. Kg1 Rxe3 26. fxe3 g5 27. Rxg4
hxg4 28. Be4 Re8 29. Kf2 c6 30. Kg3 Kg7 31. Kxg4 Ng6 32. Kxg5 Rh8 33. Rxh8 Nxh8
34. Kf5 Kf7 35. Kxe5 Ke7 36. c4 Nf7+ 37. Kd4 Nd6 38. Bd3 Kd7 39. Kc5 Kc7 40.
Bg6 Nc8 41. Bd3 b6+ 42. axb6+ Nxb6 43. Bf5 Na4+ 44. Kd4 Kb6 45. c5+ Kb5 46. c3
a5 47. Bd3# 1-0

[Event "MARIENBAD OPEN 2019 - D - Open Seniors"]
[Site "Polonia hotel, Marianske Lazne"]
[Date "2019.01.24"]
[Round "7"]
[White "Panos, Jan"]
[Black "Van Kesteren, Stef"]
[Result "1-0"]
[WhiteElo "1846"]
[BlackElo "1853"]
[PlyCount "77"]
[EventDate "2019.01.19"]

1. d4 Nf6 2. Nf3 e6 3. e3 b6 4. Bd3 Bb7 5. O-O g6 6. Nbd2 Bg7 7. e4 d6 8. b3
O-O 9. Bb2 Nc6 10. c3 Nd7 11. Re1 Re8 12. Rc1 Rc8 13. b4 Ne7 14. b5 c5 15. Nc4
Qc7 16. Ng5 h6 17. Nf3 d5 18. exd5 exd5 19. Nce5 c4 20. Bb1 a6 21. a4 axb5 22.
axb5 Ra8 23. Qe2 Nc8 24. Qc2 Nxe5 25. dxe5 Bxe5 26. h4 h5 27. Re2 d4 28. Nxe5
Rxe5 29. cxd4 Rxe2 30. Qxe2 Nd6 31. d5 Re8 32. Qd2 Qe7 33. Qh6 f6 34. Bxg6 Rf8
35. Ba3 Qg7 36. Qxh5 Rd8 37. Re1 c3 38. Bxd6 c2 39. Bxc2 1-0

[Event "MARIENBAD OPEN 2019 - D - Open Seniors"]
[Site "Polonia hotel, Marianske Lazne"]
[Date "2019.01.24"]
[Round "7"]
[White "Simkin, Alexander"]
[Black "Vagner, Ladislav"]
[Result "0-1"]
[WhiteElo "1742"]
[BlackElo "1972"]
[PlyCount "92"]
[EventDate "2019.01.19"]

1. e4 d6 2. d4 Nf6 3. Nc3 c6 4. Nf3 Bg4 5. Be2 Nbd7 6. h3 Bh5 7. O-O e5 8. Be3
Qc7 9. Qd2 Be7 10. Rad1 Bg6 11. Bd3 O-O 12. b3 a6 13. Qe2 Rad8 14. a4 Rfe8 15.
d5 cxd5 16. Nxd5 Nxd5 17. exd5 e4 18. Bc4 exf3 19. Qxf3 Ne5 20. Qe2 Nxc4 21.
bxc4 Bf6 22. Rb1 Rc8 23. Qd2 Qxc4 24. Rxb7 Qxa4 25. Bf4 Rxc2 26. Rb4 Rxd2 27.
Rxa4 Rxd5 28. Rxa6 Bd3 29. Rd1 Bxa6 30. Rxd5 Be5 31. Be3 Bc4 32. Ra5 d5 33. Rc5
f6 34. g3 Rb8 35. Kg2 Rb5 36. Rc8+ Kf7 37. h4 h5 38. Bc5 d4 39. Kh2 Be6 40.
Rf8+ Kg6 41. Ba3 Rb3 42. Ra8 Bd5 43. Rd8 Bf3 44. Bc1 Rb1 45. Rc8 d3 46. Rg8 d2
0-1

[Event "MARIENBAD OPEN 2019 - D - Open Seniors"]
[Site "Polonia hotel, Marianske Lazne"]
[Date "2019.01.24"]
[Round "7"]
[White "Lacha, Jan"]
[Black "Spanton, Tim R"]
[Result "0-1"]
[WhiteElo "1727"]
[BlackElo "1943"]
[PlyCount "98"]
[EventDate "2019.01.19"]

1. e4 c5 2. Nc3 g6 3. f4 Bg7 4. Nf3 Nc6 5. Bc4 e6 6. O-O Nge7 7. d3 d5 8. Bb3
O-O 9. a3 Nd4 10. Nxd4 cxd4 11. Ne2 dxe4 12. dxe4 Qb6 13. Kh1 Bd7 14. Be3 dxe3
15. Qxd7 Nc6 16. Qd1 Rad8 17. Qe1 Na5 18. f5 Nxb3 19. cxb3 Bxb2 20. Rb1 Bf6 21.
e5 Bxe5 22. f6 Rd2 23. Ng1 Qd6 24. Qxe3 Rc8 25. Qh6 Bxf6 26. Rxf6 Rcc2 27. Qf4
Qxf4 28. Rxf4 Rxg2 29. Rh4 g5 30. Rh5 Kg7 31. Nf3 Kg6 32. Ne1 Rb2 33. Rxb2 Rxb2
34. Rh3 Re2 35. Nd3 f5 36. Rg3 e5 37. Rg2 Re3 38. Rg3 Re2 39. Rg2 Rxg2 40. Kxg2
e4 41. Nc5 b6 42. Nb7 f4 43. Nd6 e3 44. Nc8 Kf5 45. Nxa7 Ke4 46. Nc6 f3+ 47.
Kf1 g4 48. a4 h5 49. b4 h4 0-1

[Event "MARIENBAD OPEN 2019 - D - Open Seniors"]
[Site "Polonia hotel, Marianske Lazne"]
[Date "2019.01.24"]
[Round "7"]
[White "Stokes, Paul C"]
[Black "Svec, Ludek"]
[Result "1-0"]
[WhiteElo "1857"]
[BlackElo "1554"]
[PlyCount "67"]
[EventDate "2019.01.19"]

1. e4 c5 2. Nf3 e6 3. b3 Nc6 4. Bb2 Nf6 5. e5 Nd5 6. Bb5 Nce7 7. O-O Ng6 8. Re1
a6 9. Bf1 Be7 10. c4 Nb4 11. Nc3 O-O 12. d4 cxd4 13. Nxd4 Qc7 14. Nf3 b6 15.
Ne4 a5 16. Nc3 Nc6 17. Nb5 Qb8 18. a3 Bc5 19. h4 Be7 20. h5 Nh8 21. Bd3 f5 22.
exf6 Bxf6 23. Bxf6 Rxf6 24. Nd6 Ba6 25. Ng5 g6 26. Nge4 Rf8 27. Bc2 Ne7 28.
hxg6 hxg6 29. Qg4 Nf7 30. Rad1 Nxd6 31. Nxd6 Kg7 32. Qd4+ Kg8 33. Re3 Nf5 34.
Bxf5 1-0

[Event "MARIENBAD OPEN 2019 - D - Open Seniors"]
[Site "Polonia hotel, Marianske Lazne"]
[Date "2019.01.24"]
[Round "7"]
[White "Baraniuk, Andrej"]
[Black "Hrivnakova, Anna"]
[Result "1-0"]
[WhiteElo "1497"]
[BlackElo "1540"]
[PlyCount "74"]
[EventDate "2019.01.19"]

1. c4 e5 2. g3 Nc6 3. Bg2 Nf6 4. Nf3 Be7 5. O-O O-O 6. Nc3 a6 7. d3 h6 8. Bd2
d6 9. Rb1 Be6 10. Re1 Qc8 11. b4 e4 12. dxe4 Bxc4 13. a4 Ne5 14. Bf4 Nxf3+ 15.
Bxf3 g5 16. Be3 c6 17. a5 Be6 18. Na4 Nd7 19. Qd2 Qd8 20. Rec1 Kg7 21. Bh5 f6
22. f4 d5 23. Qd3 dxe4 24. Qxe4 Bf7 25. Bg4 Bd5 26. Qd4 Rb8 27. Nc3 b6 28. Nxd5
cxd5 29. Qxd5 f5 30. Bxf5 Rxf5 31. Qxf5 bxa5 32. Rd1 Rb7 33. Bd4+ Bf6 34. Bxf6+
Qxf6 35. Rxd7+ Rxd7 36. Qxd7+ Qf7 37. Qxf7+ Kxf7 1-0

[Event "MARIENBAD OPEN 2019 - A1 - GM"]
[Site "Polonia hotel, Marianske Lazne"]
[Date "2019.01.25"]
[Round "8"]
[White "Plat, Vojtech"]
[Black "Makarian, Rudik"]
[Result "1/2-1/2"]
[WhiteElo "2552"]
[BlackElo "2354"]
[EventDate "2019.01.19"]

1. d4  Nf6  2. Nf3  e6
3. Bg5  d5  4. e3
Be7  5. Bd3  Nbd7
6. Nbd2  c5  7. c3
O-O  8. O-O  b6
9. Qe2  Bb7  10. Ba6  Qc8
11. Bxb7  Qxb7  12. Rfe1
1/2-1/2

[Event "MARIENBAD OPEN 2019 - A1 - GM"]
[Site "Polonia hotel, Marianske Lazne"]
[Date "2019.01.25"]
[Round "8"]
[White "Ajay Krishna, S"]
[Black "Rakesh, Kumar Jena"]
[Result "1-0"]
[WhiteElo "2289"]
[BlackElo "2426"]
[EventDate "2019.01.19"]

1. Nf3  c5  2. c4  Nf6
3. Nc3  g6  4. e3
Bg7  5. d4  O-O
6. Be2  b6  7. O-O  Bb7
8. d5  d6  9. e4
Nbd7  10. h3  a6
11. a4  Qc7  12. Bf4
Rae8  13. Qd2  Ne5
14. Rad1  Nxf3+  15. Bxf3
Nd7  16. Bh6  e5
17. dxe6  Rxe6  18. Bxg7
Kxg7  19. Bg4  f5
20. Nd5  Bxd5  21. exf5
gxf5  22. cxd5  Ref6
23. Be2  f4  24. Bxa6
f3  25. Rfe1  Ne5
26. Rxe5  dxe5  27. d6
Qf7  28. d7  Rd8
29. g3  Qh5  30. Kh2
Qf5  31. Bb5  Rh6
32. g4  Qf4+  33. Qxf4
exf4  34. Rd3  Re6
35. Rxf3  Re4  36. Kg2
Rb4  37. b3  Rd4
38. Rc3  Ra8  39. Rc1
Rf8  40. Re1  Rd2
41. Re8  h6  42. h4
Rd4  43. Kf3  Rd2
44. h5  Rg8  45. Kxf4
1-0

[Event "MARIENBAD OPEN 2019 - A1 - GM"]
[Site "Polonia hotel, Marianske Lazne"]
[Date "2019.01.25"]
[Round "8"]
[White "Cernousek, Lukas"]
[Black "Gumularz, Szymon"]
[Result "1-0"]
[WhiteElo "2427"]
[BlackElo "2475"]
[EventDate "2019.01.19"]

1. e4  c5  2. Nf3  e6
3. d4  cxd4  4. Nxd4
Nc6  5. Nc3  Qc7
6. Be3  a6  7. Qf3
d6  8. Nxc6  Qxc6
9. Qg3  b5  10. Bd3
Bb7  11. O-O  Nf6
12. f3  h5  13. Ne2
h4  14. Qf2  h3
15. g4  Nd7  16. Qg3  Ne5
17. Nf4  g6  18. Nxh3
Bg7  19. Nf2  Nxd3
20. Nxd3  Qxc2  21. Rfd1
O-O  22. Rac1  Qa4
23. Qxd6  Qxa2  24. Nc5
Qxb2  25. Nxb7  Qe2
26. Bc5  Qxf3  27. Qg3
Qxe4  28. Qg2  Qxg2+
29. Kxg2  Rfc8  30. Bb4
Bf8  31. Ba5  Be7
32. Rxc8+  Rxc8  33. Rd7
Kf8  34. Nd6  Rc2+
35. Kf3  Rxh2  36. Nxf7
Ra2  37. Ne5  Ke8
38. Bb6  Bf6  39. Rd6
Bxe5  40. Rxe6+  Kd7
41. Rxe5  b4  42. Bd4
a5  43. Rb5  Kc6
44. Rc5+  Kd6  45. Ke4
a4  46. Rd5+  Ke6
47. Re5+  Kf7  48. Rb5
b3  49. Rb7+  Ke6
50. Rb6+  Kf7  51. Rb4
Ke6  52. Rb6+  Kf7
53. Kd5  Rg2  54. Rb7+
Kg8  55. Ke6  Re2+
56. Be5  g5  57. Rb4
a3  58. Rxb3  a2
59. Ra3  *

[Event "MARIENBAD OPEN 2019 - A2 - GM"]
[Site "Polonia hotel, Marianske Lazne"]
[Date "2019.01.25"]
[Round "8"]
[White "Swicarz, Maciej"]
[Black "Swayams, Mishra"]
[Result "0-1"]
[WhiteElo "2331"]
[BlackElo "2432"]
[EventDate "2019.01.19"]

1. d4  Nf6  2. c4  e6
3. Nc3  Bb4  4. f3
Nh5  5. g3  f5
6. e4  O-O  7. Bg2  d6
8. Qb3  c5  9. Nge2
Nc6  10. a3  Bxc3+
11. Qxc3  fxe4  12. dxc5
dxc5  13. fxe4  e5
14. Be3  Nd4  15. Bxd4
cxd4  16. Qd3  Bg4
17. Nc1  Rc8  18. Nb3
Rc6  19. Nd2  Rcf6
20. Rf1  Rxf1+  21. Nxf1
Qf6  22. Qd2  d3
23. Qe3  Be2  24. Nd2
g6  25. Rc1  Ng7
26. Bh3  Ne6  27. Bxe6+
Qxe6  28. Qc5  Qh3
29. Qg1  Qh5  30. Qg2
Qh6  31. Qg1  Rf1+
0-1

[Event "MARIENBAD OPEN 2019 - A2 - GM"]
[Site "Polonia hotel, Marianske Lazne"]
[Date "2019.01.25"]
[Round "8"]
[White "Kriebel, Tadeas"]
[Black "Vokac, Marek"]
[Result "1/2-1/2"]
[WhiteElo "2519"]
[BlackElo "2380"]
[EventDate "2019.01.19"]

1. e4  e5  2. Nf3  Nc6
3. Bb5  a6  4. Ba4
Nf6  5. O-O  Be7
6. Re1  b5  7. Bb3
d6  8. c3  O-O
9. h3  h6  10. d4  Re8
11. Nbd2  Bf8  12. a4
Bb7  13. Bc2  Qd7
14. d5  Ne7  15. b3
c6  16. c4  Rec8
17. Bd3  cxd5  18. cxd5
Ng6  19. Nf1  Nf4
20. Bxf4  exf4  21. axb5
axb5  22. Rxa8  Rxa8
23. Nd4  Qd8  24. Bxb5
Qb6  25. Ba4  g6
26. Nc6  Nd7  27. Nd2
Nc5  28. Nc4  Qc7
29. e5  Nxa4  30. bxa4
Bxc6  31. exd6  Bxd6
32. dxc6  Bb4  33. Re4
Qxc6  34. Rxf4  Qxa4
35. Qd5  Qe8  36. Ne5
Ra5  37. Qxf7+  Qxf7
38. Nxf7  Bf8  39. h4
Bg7  40. g4  Rd5
41. g5  h5  1/2-1/2

[Event "MARIENBAD OPEN 2019 - A2 - GM"]
[Site "Polonia hotel, Marianske Lazne"]
[Date "2019.01.25"]
[Round "8"]
[White "Kovalev, Andrei"]
[Black "Kulkarni, Bhakti"]
[Result "1-0"]
[WhiteElo "2520"]
[BlackElo "2303"]
[EventDate "2019.01.19"]

1. e4  e5  2. Nf3  Nf6
3. Nxe5  d6  4. Nf3
Nxe4  5. Nc3  Nxc3
6. dxc3  Be7  7. Be3
Nc6  8. Qd2  h6
9. O-O-O  Be6  10. a3  Qd7
11. Be2  Bf6  12. Rhe1
a6  13. Kb1  O-O-O
14. Nd4  Nxd4  15. Bxd4
Bxd4  16. Qxd4  Kb8
17. Qxg7  Rhg8  18. Qxh6
Rxg2  19. Qh4  Qc8
20. Qf4  Rdg8  21. h4
Bg4  22. f3  Qf5
23. Qe3  Bh5  24. Rd4
f6  25. Rf4  Qe5
26. Bc4  Rh8  27. Qc1
Qc5  28. Bd3  Bg6
29. Rc4  Qf2  30. Bxg6
Rxg6  31. Qe3  Qh2
32. Qe7  d5  33. Rd4
Rc8  34. Qe6  Rcg8
35. Qxd5  Rg2  36. Rb4
b6  37. Ka2  Rc8
38. Re6  Qg1  39. Qe4
Rh2  40. Qf4  Ka7
41. Rbxb6  1-0

[Event "MARIENBAD OPEN 2019 - B1 - IM"]
[Site "Polonia hotel, Marianske Lazne"]
[Date "2019.01.25"]
[Round "8"]
[White "Mica, Marek"]
[Black "Nagy, Gabor"]
[Result "1/2-1/2"]
[WhiteElo "2212"]
[BlackElo "2479"]
[EventDate "2019.01.19"]

1. d4  Nf6  2. c4  e6
3. Nf3  c5  4. d5
d6  5. Nc3  exd5
6. cxd5  g6  7. Nd2
Bg7  8. e4  O-O
9. Be2  Re8  10. O-O  Nbd7 11.
Qc2  Ne5  12. h3  g5
13. Nc4  Nxc4  14. Bxc4
g4 15. h4  Nd7  16. Bg5
f6  17. Bf4  Ne5
18. Bb5  Rf8  19. Bxe5
fxe5  20. g3  a6
21. Be2  Qe8  22. a4
Bd7  1/2-1/2

[Event "MARIENBAD OPEN 2019 - B2 - IM"]
[Site "Polonia hotel, Marianske Lazne"]
[Date "2019.01.25"]
[Round "8"]
[White "Hesse, Henrik"]
[Black "Plischki, Sebastian"]
[Result "1-0"]
[WhiteElo "2166"]
[BlackElo "2426"]
[EventDate "2019.01.19"]

1. c4  g6  2. g3  Bg7
3. Bg2  d6  4. Nc3
e5  5. d3  f5
6. e3  Nf6  7. Nge2  O-O
8. O-O  a5  9. a3
c6  10. Rb1  Be6
11. b4  axb4  12. axb4
d5  13. cxd5  cxd5
14. Qb3  Bf7  15. d4
e4  16. b5  Nbd7
17. Ba3  Re8  18. Na4
Nb6  19. Nxb6  Qxb6
20. Bc5  Qd8  21. Rfc1
g5  22. Qb4  Re6
23. b6  Bh6  24. Bh3
Bg6  25. Nc3  Qd7
26. Nb5  Ne8  27. Qb3
Rc6  28. Na7  Rf6
29. Ba3  Bf7  30. Rc2
Be6  31. Rbc1  Qf7
32. Nc8  Qh5  33. Ne7+
Kg7  34. Bg2  f4
35. Nxd5  Bxd5  36. Qxd5
Rxa3  37. Qxb7+  Rf7
38. Qxe4  Nf6  39. Qe5
Rb3  40. Rc7  f3
41. Qe6  Rxb6  42. Rxf7+
1-0

[Event "MARIENBAD OPEN 2019 - B2 - IM"]
[Site "Polonia hotel, Marianske Lazne"]
[Date "2019.01.25"]
[Round "8"]
[White "Frolov, Artur"]
[Black "Cerveny, Petr"]
[Result "1/2-1/2"]
[WhiteElo "2430"]
[BlackElo "2318"]
[EventDate "2019.01.19"]

1. e4  c5  2. Nf3  d6
3. Bb5+  Bd7  4. Bxd7+
Qxd7  5. O-O  Nc6
6. c4  g6  7. Nc3
Bg7  8. d3  e6
9. Bf4  Nge7  10. Qd2  e5
11. Bg5  f6  12. Be3
O-O  13. Nd5  f5
14. Bg5  Nxd5  15. cxd5
Nd4  16. Nxd4  cxd4
17. f3  Bf6  18. Bxf6
Rxf6  19. Rac1  fxe4
20. dxe4  Rff8  21. Rc2
Rac8  22. Rfc1  Rxc2
23. Qxc2  Qd8  24. Qb3
Qd7  25. Qc4  Qd8 26. Qb3
1/2-1/2

[Event "MARIENBAD OPEN 2019 - C - FIDE open"]
[Site "Polonia hotel, Marianske Lazne"]
[Date "2019.01.25"]
[Round "8"]
[White "Chudinovskikh, Alexander M"]
[Black "Shagbazyan, Taron"]
[Result "0-1"]
[WhiteElo "2184"]
[BlackElo "2415"]
[PlyCount "60"]
[EventDate "2019.01.19"]

1. e4 e5 2. Nf3 Nc6 3. Bb5 a6 4. Ba4 Nf6 5. O-O Be7 6. Re1 b5 7. Bb3 d6 8. c3
O-O 9. h3 Nb8 10. d3 Bb7 11. Nbd2 Nbd7 12. Nf1 c5 13. Ng3 Qc7 14. Nf5 Bd8 15.
N3h4 c4 16. dxc4 bxc4 17. Bc2 d5 18. exd5 Bxd5 19. Re3 g6 20. Rg3 Kh8 21. Bh6
Rg8 22. Qd2 Be6 23. Nd6 Nd5 24. Nhf5 Bf6 25. Qe2 gxf5 26. Nxf5 Nf4 27. Qe4 Nc5
28. Qf3 Ncd3 29. Ng7 Bd5 30. Qg4 Qc8 0-1

[Event "MARIENBAD OPEN 2019 - C - FIDE open"]
[Site "Polonia hotel, Marianske Lazne"]
[Date "2019.01.25"]
[Round "8"]
[White "Stalmach, Richard"]
[Black "Chkhaidze, Nikoloz"]
[Result "1/2-1/2"]
[WhiteElo "2164"]
[BlackElo "2290"]
[PlyCount "87"]
[EventDate "2019.01.19"]

1. d4 Nf6 2. c4 e6 3. Nf3 d5 4. e3 Bd6 5. Nc3 b6 6. Bd3 Bb7 7. O-O O-O 8. Qc2
Na6 9. a3 c5 10. cxd5 exd5 11. Ne5 Nc7 12. f4 Ne6 13. Nb5 Bb8 14. Qf2 Ne4 15.
Bxe4 dxe4 16. f5 Nxd4 17. exd4 cxd4 18. Ng4 e3 19. Nxe3 dxe3 20. Bxe3 Re8 21.
Rad1 Qe7 22. Bf4 Bxf4 23. Qxf4 Qc5+ 24. Nd4 Re4 25. Qf2 Rg4 26. g3 Qd5 27. Nf3
Qxf5 28. Ne5 Qxf2+ 29. Rxf2 Re4 30. Rxf7 Ba6 31. Rxa7 Rb8 32. Rxa6 Rxe5 33. Ra7
Rg5 34. Rdd7 h5 35. Rab7 Rc8 36. Rdc7 Rd8 37. Rd7 Rc8 38. Rd2 Rc6 39. Kg2 h4
40. Rbd7 hxg3 41. hxg3 Re5 42. b4 b5 43. R7d5 Re3 44. Rxb5 1/2-1/2

[Event "MARIENBAD OPEN 2019 - C - FIDE open"]
[Site "Polonia hotel, Marianske Lazne"]
[Date "2019.01.25"]
[Round "8"]
[White "Kushko, Dmitriy"]
[Black "Frank, Adam"]
[Result "1/2-1/2"]
[WhiteElo "2270"]
[BlackElo "2108"]
[PlyCount "70"]
[EventDate "2019.01.19"]

1. g3 d6 2. Bg2 e5 3. c4 f5 4. d4 exd4 5. Qxd4 Be7 6. Nc3 Nc6 7. Qd2 Nf6 8. b3
O-O 9. Bb2 Ne5 10. Nf3 c6 11. O-O Nfg4 12. h3 Nxf3+ 13. exf3 Nf6 14. Rfe1 b6
15. Ne2 d5 16. Nd4 dxc4 17. Qc2 Bc5 18. Rad1 Bxd4 19. Rxd4 Qc7 20. Qxc4+ Kh8
21. Rdd1 Bb7 22. Be5 Qf7 23. Qxf7 Rxf7 24. Bxf6 gxf6 25. f4 Kg7 26. Re6 c5 27.
Bxb7 Rxb7 28. Red6 Re8 29. Kf1 Rbe7 30. R1d2 h5 31. Kg2 Kg6 32. Kf3 Rc8 33. Rd7
Rc7 34. Rxe7 Rxe7 35. Rd8 Kh6 1/2-1/2

[Event "MARIENBAD OPEN 2019 - C - FIDE open"]
[Site "Polonia hotel, Marianske Lazne"]
[Date "2019.01.25"]
[Round "8"]
[White "Svanda, Ondrej"]
[Black "Simet, Martin"]
[Result "1/2-1/2"]
[WhiteElo "2215"]
[BlackElo "2223"]
[PlyCount "45"]
[EventDate "2019.01.19"]

1. c4 e5 2. d3 Nf6 3. Nf3 Nc6 4. a3 d5 5. cxd5 Nxd5 6. e3 Be7 7. Be2 O-O 8. O-O
a5 9. Nc3 Be6 10. Qc2 Qc8 11. Bd2 f6 12. Rac1 Bf7 13. Na4 Nb6 14. Nc5 Bxc5 15.
Qxc5 Rd8 16. Qc2 a4 17. Bc3 Bb3 18. Qb1 Qe6 19. Rfe1 Ba2 20. Qc2 Bb3 21. Qb1
Ba2 22. Qc2 Bb3 23. Qb1 1/2-1/2

[Event "MARIENBAD OPEN 2019 - C - FIDE open"]
[Site "Polonia hotel, Marianske Lazne"]
[Date "2019.01.25"]
[Round "8"]
[White "Varitski, Igor"]
[Black "Dovzhenko, Viktor"]
[Result "0-1"]
[WhiteElo "2209"]
[BlackElo "2078"]
[PlyCount "66"]
[EventDate "2019.01.19"]

1. e4 g6 2. d4 Bg7 3. Nc3 a6 4. Be3 d6 5. Qd2 Nd7 6. f3 b5 7. a3 Bb7 8. Nh3 Rc8
9. Nf2 c5 10. Be2 cxd4 11. Bxd4 Ngf6 12. O-O Qc7 13. Rad1 O-O 14. Nd5 Bxd5 15.
exd5 Qxc2 16. Bc3 Qb3 17. Ng4 Rc5 18. Nxf6+ Bxf6 19. Bxf6 Nxf6 20. Rc1 Rxd5 21.
Qc3 Qxc3 22. bxc3 Rc8 23. a4 Rd2 24. Rfe1 bxa4 25. Bxa6 Rc5 26. Ra1 e5 27. Rxa4
Rxc3 28. Bf1 Rcc2 29. Rb4 Nd5 30. Rbb1 Nf4 31. g3 Ne6 32. Rbd1 Nd4 33. Rxd2
Nxf3+ 0-1

[Event "MARIENBAD OPEN 2019 - C - FIDE open"]
[Site "Polonia hotel, Marianske Lazne"]
[Date "2019.01.25"]
[Round "8"]
[White "Lys, Josef"]
[Black "Qiu, Mengjie"]
[Result "1-0"]
[WhiteElo "2134"]
[BlackElo "2247"]
[PlyCount "145"]
[EventDate "2019.01.19"]

1. d4 Nf6 2. Nf3 e6 3. c4 d5 4. Nc3 Bb4 5. Qa4+ Nc6 6. e3 Ne4 7. Bd2 Nxd2 8.
Nxd2 O-O 9. Rc1 Bd7 10. Qc2 Re8 11. Bd3 h6 12. O-O Bd6 13. a3 dxc4 14. Nxc4 a6
15. Nxd6 cxd6 16. d5 Ne5 17. Be4 exd5 18. Bxd5 Bc6 19. Qb3 Qe7 20. Rcd1 Rac8
21. Rd4 b5 22. Rfd1 Red8 23. h3 Bxd5 24. Nxd5 Qb7 25. a4 Rc4 26. Rxc4 Nxc4 27.
Qb4 Ne5 28. axb5 Qxb5 29. Qxb5 axb5 30. b3 Nd7 31. Ne7+ Kf8 32. Nc6 Rc8 33.
Rxd6 Nc5 34. Nd4 Ne4 35. Rc6 Ra8 36. Rc2 b4 37. g4 Ra1+ 38. Kg2 Rb1 39. Rc8+
Ke7 40. Rc4 Kf6 41. Rxb4 Rb2 42. Ne2 Nc5 43. Rb5 Nd3 44. Nf4 Nxf2 45. Kf3 g5
46. Rb6+ Kg7 47. Nh5+ Kh7 48. Rf6 Nxh3 49. Rxf7+ Kg8 50. Rb7 Rf2+ 51. Kg3 Re2
52. Kxh3 Rxe3+ 53. Kg2 Kf8 54. Ng3 Re5 55. Rb6 Re3 56. Nf5 Rc3 57. Nxh6 Ke7 58.
Nf5+ Kd7 59. Ng3 Kc7 60. Rb4 Rc2+ 61. Kf3 Rc3+ 62. Kf2 Rc2+ 63. Ne2 Kd6 64. Rb5
Rb2 65. Ke3 Ke6 66. Nd4+ Kf6 67. Ke4 Rd2 68. Rb6+ Kf7 69. b4 Rf2 70. Nf3 Re2+
71. Kd5 Rg2 72. Nxg5+ Kg8 73. Ne4 1-0

[Event "MARIENBAD OPEN 2019 - C - FIDE open"]
[Site "Polonia hotel, Marianske Lazne"]
[Date "2019.01.25"]
[Round "8"]
[White "Michalczak, Thomas"]
[Black "Gnojek, Petr"]
[Result "1-0"]
[WhiteElo "2139"]
[BlackElo "2086"]
[PlyCount "49"]
[EventDate "2019.01.19"]

1. e4 c5 2. Nf3 d6 3. d4 cxd4 4. Nxd4 Nf6 5. Nc3 e6 6. g4 h6 7. Rg1 Nc6 8. Be3
Be7 9. h4 h5 10. gxh5 Nxh5 11. Bg5 Nf6 12. Nxc6 bxc6 13. Qd2 Rb8 14. O-O-O Qb6
15. b3 Qa5 16. Kb1 d5 17. Nxd5 Qxd2 18. Nxf6+ gxf6 19. Bxd2 Rxh4 20. Rg8+ Bf8
21. Be3 Rh5 22. Be2 Rg5 23. Bxg5 fxg5 24. Rh1 Bb7 25. Rxf8+ 1-0

[Event "MARIENBAD OPEN 2019 - C - FIDE open"]
[Site "Polonia hotel, Marianske Lazne"]
[Date "2019.01.25"]
[Round "8"]
[White "Laurincova, Kristyna"]
[Black "Sabuk, Piotr"]
[Result "0-1"]
[WhiteElo "2044"]
[BlackElo "2395"]
[PlyCount "106"]
[EventDate "2019.01.19"]

1. e4 c5 2. Nf3 d6 3. d4 cxd4 4. Nxd4 Nf6 5. Nc3 a6 6. Bc4 e6 7. Bb3 Nbd7 8.
O-O Nc5 9. Re1 Be7 10. f4 O-O 11. Kh1 Qc7 12. Re3 g6 13. Qe1 e5 14. Nde2 Nxb3
15. axb3 Be6 16. Rd3 b5 17. f5 gxf5 18. Bh6 Kh8 19. Bxf8 Rxf8 20. Ng3 b4 21.
exf5 Bc8 22. Nd5 Nxd5 23. Rxd5 Bb7 24. Rd2 d5 25. Nh5 Rg8 26. f6 Bc5 27. Rd3 d4
28. Ng7 Qc6 29. Rg3 Qxf6 30. Nh5 Qf5 31. Rxg8+ Kxg8 32. Qg3+ Qg6 33. Re1 Bd6
34. Nf6+ Kh8 35. Qxg6 hxg6 36. Kg1 Be7 37. Ng4 e4 38. Ne5 Kg7 39. Nf3 Bc5 40.
Ng5 d3+ 41. Kf1 d2 42. Rd1 e3 43. Ke2 Bxg2 44. Nf3 f5 45. c3 f4 46. Ng5 Kf6 47.
h4 a5 48. Nh7+ Kf5 49. Ng5 Bb6 50. Rb1 Kg4 51. Rg1 Kg3 52. c4 f3+ 53. Nxf3
d1=Q+ 0-1

[Event "MARIENBAD OPEN 2019 - C - FIDE open"]
[Site "Polonia hotel, Marianske Lazne"]
[Date "2019.01.25"]
[Round "8"]
[White "Kolbus, Dietmar"]
[Black "Pacl, Vaclav"]
[Result "1-0"]
[WhiteElo "2294"]
[BlackElo "2013"]
[PlyCount "135"]
[EventDate "2019.01.19"]

1. c4 e6 2. Nf3 f5 3. g3 Nf6 4. Bg2 Be7 5. O-O O-O 6. Nc3 d6 7. d4 Ne4 8. Qc2
Nxc3 9. Qxc3 Bf6 10. Qd2 Qe7 11. b3 Bd7 12. Rb1 Be8 13. Ba3 Bg6 14. Rbc1 Nd7
15. e3 Rfd8 16. Ne1 c6 17. Nd3 Bf7 18. f4 Qf8 19. Qf2 Be7 20. c5 Nf6 21. cxd6
Bxd6 22. Bxd6 Qxd6 23. Ne5 Be8 24. Qb2 Rdc8 25. a3 Rc7 26. b4 Rac8 27. Rc4 Nd5
28. Kf2 b6 29. Nd3 h6 30. Rfc1 g5 31. Bf3 gxf4 32. exf4 Ne7 33. Ne5 Kf8 34. Kg2
Kg8 35. Qf2 Kh7 36. Kg1 Nd5 37. Qd2 Ne7 38. Kh1 Kh8 39. R1c2 Kh7 40. Kg2 Kg8
41. Kh3 Kh7 42. Qc1 a6 43. Qg1 Nd5 44. Rc1 Ne7 45. R4c2 Rd8 46. Nc4 Qxd4 47.
Qxd4 Rxd4 48. Nxb6 Kg6 49. Nc4 Kf6 50. Ne5 Rd6 51. Rc5 Nd5 52. Be2 Ne7 53. R1c2
Rd5 54. Rxd5 exd5 55. Rc5 Ng6 56. Nd3 Nf8 57. Ra5 Ne6 58. Rxa6 Nd4 59. Bd1 Bd7
60. Kg2 Nb5 61. Ba4 Nc3 62. Ne5 Nxa4 63. Rxa4 Be6 64. Ra6 d4 65. Kf2 Bd5 66. b5
Ke6 67. Nxc6 Kd6 68. Nxd4+ 1-0